000 00762nam a2200241Ia 4500
003 GCL
008 140319s9999 xx 000 0 eng d
020 _a0944029736
040 _aGCL /
_cGCL
082 0 4 _a956.9442
_bB J
100 1 _aBREGER, MARSHALL J.
245 1 0 _aJERUSALEM'S HOLY PLACES AND THE PEACE PROCESS /
_cBREGER, MARSHALL J.
700 1 _aIDINOPULOS, THOMAS A.
260 _aنيويورك :
_bWASHINGTON INSTITUTE FOR NEAR EAST POLICY ،
_c1998
300 _a24 CM ؛
_c76 P
490 _aPOLICY PAPER
_v46
650 0 4 _aJERUSALEM - CHRISTIANITY
650 0 4 _aJERUSALEM - ISLAM
650 0 4 _aJERUSALEM - RELIGION AND POLITICS
650 0 4 _aJERUSALEM - INTERNATIONAL STATUS
650 0 4 _aARAB - ISRAIL CONFLICT, 1993
942 _2ddc
_cBK
999 _c7028
_d7028